00819cam a2200265 a 450000100060000000300080000600500170001400800390003102000150007002000210008503500190010604000370012504100080016208200150017010000210018524500210020626000370022730000630026449000300032750400490035760000330040665000450043965000390048483000300052318008BD-RjUL20211209000226.0140219s1969 enkacfh b 001 0beng a0237351285 a0237351293 (pbk) a(BD-RjUL)18066 aDLCcDLCdUKMdEQOdBD-RjULbeng aeng00a821.8bTHM1 aThorpe, Michael.10aMatthew Arnold / aLondon :bEvans Brothers,c1969. a176 p., [4] p. of plates :bill., facsim., port. ;c19 cm.1 aLiterature in perspective aIncludes Bibliography: p. 169-170 and index.10aArnold, Matthew,d1822-1888. 0aPoets, Englishy19th centuryvBiography. 0aCriticszGreat BritainvBiography. 0aLiterature in perspective